[Fondo documental de] Armamento de Aviación, Sociedad Anónima / [Gerente: Milagros Zabaleta Sarasua ; colabora, José Víctor Arroyo Martín] Milagros Zabaleta Sarasua ; colabora, José Víctor Arroyo Martín]
Descripción Física:
153 p. : il. ; 30 cm
Colección:
Inventarios de fondos documentales
MARC
| LEADER | 00000nam a2200000Ia 4500 | ||
|---|---|---|---|
| 001 | 10760 | ||
| 008 | 160829s1994 xx 000 0 cat d | ||
| 080 | |a C-2-91 | ||
| 110 | 2 | |a Banco Bilbao Vizcaya. |b Archivo Histórico |9 54859 | |
| 245 | |a [Fondo documental de] Armamento de Aviación, Sociedad Anónima / [Gerente: |b Milagros Zabaleta Sarasua ; colabora, José Víctor Arroyo Martín] | ||
| 260 | |a Bilbao : |b Archivo Histórico Banco Bilbao Vizcaya, |c 1994 | ||
| 300 | |a 153 p. : |b il. ; |c 30 cm | ||
| 490 | |a Inventarios de fondos documentales | ||
| 610 | 2 | 0 | |a Banco Bilbao Vizcaya. |b Archivo Histórico |v Catàlegs |9 55774 |
| 650 | |a Armamento de Aviación, S.A. |x Arxius |x Catàlegs |9 34845 | ||
| 700 | |a Zabaleta Sarasua, Milagros |9 34846 | ||
| 700 | |a Arroyo, J. Víctor |9 23811 | ||
| 901 | |a Arxiu | ||
| 942 | |n 1 | ||
| 952 | |0 0 |1 0 |4 0 |6 C291 |7 1 |9 46660 |a Arxiu |b Arxiu |d 2016-12-01 |l 0 |o C-2-91 |p 10760 |r 2016-12-01 00:00:00 |w 2016-12-01 |y ARXIU | ||
| 999 | |c 50453 |d 50453 | ||